Allgemeinwissen schwer #3 - Statistiken

Allgemein
  • Dieses Quiz wurde 648 mal gespielt
  • Das Durchschnittsergebnis liegt bei 3 aus 20
Antwortstatistiken
Hint Antwort % Korrekt
Was ist das Ergebnis von 8³? 512
68%
Was ist das Ergebnis von 3⁸? 6561
32%
Welcher biblische Charakter hatte die längste Lebensdauer - 969 Jahre? Methusalem
30%
In welchem Alphabet findet man die Buchstaben Alef und Gimel? Hebräisch
26%
Was ist das Ergebnis von 8!? 40320
20%
Was repräsentiert die Harfe auf dem Wappen von Königin Elisabeth II.? Irland
17%
Welcher "ismus" wurde von den Leuten praktiziert, die Präsident McKinley und Zar Alexander II. umbrachten? Anarchismus
12%
Welche Lady ritt angeblich nackt durch die Strassen Coventrys, nur von einem einzigen Bürger gesehen? Lady Godiva
9%
Was war die de-facto-Staatsreligion des Achämenidenreiches? Zoroastrismus
7%
Was ist der Schmelzpunkt von Lithium (In °C)? 181
6%
Welchen schottischen Highlands-Wettbewerb könnte man als "Holzwurf" bezeichnen? Baumstammwerfen
5%
Die Stadt Calexico liegt auf der US-Seite der Grenze zwischen Kalifornien und Mexiko. Wie heißt passenderweise die Schwesterstadt auf der mexikanischen Seite der Grenze? Mexicali
5%
Im welchem Jahr wurde Lithium entdeckt? 1817
3%
Wer schuf "Die Bürger von Calais"? Auguste Rodin
3%
Welches Ehepaar wurde wegen der Weitergabe von Nukleargeheimnissen an die UdSSR in den USA hingerichtet? Julius und Ethel Rosenberg
3%
Was kommt wie ein Löwe rein und raus wie ein Lamm? März
3%
Was ist das berühmteste Schlittenhunderennen der Welt? Iditarod
2%
Was ist die Dichte von Lithium (In g/cm³ auf die 2 Nachkommastellen gerundet)? 0,53
1%
Was ist der Siedepunkt von Lithium (In °C)? 1330
1%
phi mit den ersten 10 Nachkommastellen 1.6180339887
0%
Keine übereinstimmenden Quizze gefunden
Verteilung der Resultate
Anzahl Personen mit jedem Resultat
Perzentil nach korrekt beantworteten Fragen
Ihre Resultats-Entwicklung
Sie haben dieses Quiz noch nicht gespielt